[Event "Tradewise Gibraltar ChallWk2"]
[Site "Gibraltar"]
[Date "2017.01.30"]
[Round "3.1"]
[White "Dolzhikova, Olga"]
[Black "Meszaros, Andras"]
[Result "1-0"]
[WhiteElo "2164"]
[BlackElo "2240"]
[PlyCount "122"]
[EventDate "2017.01.28"]
[EventType "swiss"]
[EventRounds "5"]
[EventCountry "GGB"]
[SourceTitle "BritBase"]
[Source "www.saund.co.uk"]
[SourceDate "2018.02.10"]
[SourceVersion "1"]
[SourceVersionDate "2018.02.10"]
[SourceQuality "1"]

1. e4 c5 2. c3 d5 3. exd5 Nf6 4. Bb5+ Bd7 5. Bxd7+ Qxd7 6. c4 e6 7. Qe2 Be7 8.
dxe6 Qxe6 9. Qxe6 fxe6 10. Nf3 Nc6 11. Ke2 Rd8 12. d3 O-O 13. Nc3 Rd7 14. Be3
e5 15. Rad1 h6 16. Nd2 b6 17. Nde4 Ne8 18. Nd5 Bd8 19. a3 Nc7 20. Nxc7 Bxc7 21.
Nc3 Bd6 22. Nd5 Kh7 23. Rb1 Kg6 24. b4 Rff7 25. f3 Kf5 26. Kd2 g5 27. b5 Ne7
28. Nc3 Kg6 29. a4 Bc7 30. a5 Rf8 31. Ke2 Rfd8 32. Rhd1 Kf5 33. axb6 axb6 34.
Ra1 Kg6 35. Ne4 Kg7 36. Ra7 Bb8 37. Ra6 Bc7 38. Bxc5 bxc5 39. Nxc5 Rd6 40. Ne6+
Rxe6 41. Rxe6 Nf5 42. Ra6 Bd6 43. Rb1 Bc5 44. b6 Rb8 45. b7 Kf7 46. Kd2 Be3+
47. Kd1 Bc5 48. Ra8 Bd6 49. Rb6 Bc7 50. Rxb8 Bxb8 51. Rc6 Ne3+ 52. Ke2 Nxg2 53.
Rc8 Ba7 54. b8=Q Nf4+ 55. Kd2 Bxb8 56. Rxb8 h5 57. Ke3 h4 58. Ke4 h3 59. Rd8
Ke7 60. Rg8 Kf6 61. Rf8+ Ke7 1-0

[Event "Tradewise Gibraltar ChallWk2"]
[Site "Gibraltar"]
[Date "2017.01.30"]
[Round "3.3"]
[White "Santos Izquierdo, Francisco J"]
[Black "Villar Reymundo, Juan Antonio"]
[Result "1-0"]
[WhiteElo "2133"]
[BlackElo "2212"]
[PlyCount "71"]
[EventDate "2017.01.28"]
[EventType "swiss"]
[EventRounds "5"]
[EventCountry "GGB"]
[SourceTitle "BritBase"]
[Source "www.saund.co.uk"]
[SourceDate "2018.02.10"]
[SourceVersion "1"]
[SourceVersionDate "2018.02.10"]
[SourceQuality "1"]

1. c4 c5 2. g3 Nc6 3. Bg2 g6 4. Nc3 Bg7 5. a3 d6 6. Rb1 a5 7. h4 h6 8. Nf3 e5
9. d3 Nge7 10. Nd2 Be6 11. Nd5 Rb8 12. e4 b6 13. Nf1 Qd7 14. Nfe3 O-O 15. h5 f5
16. hxg6 f4 17. gxf4 exf4 18. Nf5 Nxf5 19. exf5 Bxf5 20. Nxf4 Rbe8+ 21. Kf1 Ne5
22. Bd5+ Kh8 23. Qh5 Ng4 24. Bf7 Re5 25. Qh4 d5 26. cxd5 Rxf7 27. gxf7 Qxf7 28.
Bd2 Rxd5 29. Nxd5 Qxd5 30. Re1 Qxd3+ 31. Re2 Qd7 32. f3 Nf6 33. Bxh6 Qd1+ 34.
Kf2 Ng4+ 35. fxg4 Bd4+ 36. Be3+ 1-0

[Event "Tradewise Gibraltar ChallWk2"]
[Site "Gibraltar"]
[Date "2017.01.30"]
[Round "3.4"]
[White "Schouten, Freek"]
[Black "Kulkarni, Chinmay"]
[Result "0-1"]
[WhiteElo "2095"]
[BlackElo "2208"]
[PlyCount "104"]
[EventDate "2017.01.28"]
[EventType "swiss"]
[EventRounds "5"]
[EventCountry "GGB"]
[SourceTitle "BritBase"]
[Source "www.saund.co.uk"]
[SourceDate "2018.02.10"]
[SourceVersion "1"]
[SourceVersionDate "2018.02.10"]
[SourceQuality "1"]

1. d4 Nf6 2. c4 c5 3. d5 g6 4. Nc3 Bg7 5. e4 d6 6. Nf3 O-O 7. h3 e6 8. Be2 exd5
9. exd5 a6 10. a4 Re8 11. O-O Nbd7 12. Bd3 Nf8 13. Qc2 Bd7 14. Bf4 Qc7 15. a5
Rad8 16. Ra3 Bc8 17. Qd2 N8d7 18. Raa1 Nh5 19. Bg5 f6 20. Bh6 Bh8 21. g4 Ng7
22. Nh4 Ne5 23. Ne4 Qf7 24. Bc2 f5 25. Ng5 Qf6 26. Qc3 fxg4 27. hxg4 Nxg4 28.
Qxf6 Nxf6 29. Nxg6 hxg6 30. Bxg6 Ng4 31. Bxg7 Bxg7 32. Bxe8 Rxe8 33. Rfe1 Rf8
34. Ne6 Bxe6 35. Rxe6 Nxf2 36. Rxd6 Ne4 37. Rd7 Bd4+ 38. Kh1 Rf3 39. Re1 Nd2
40. Re8+ Rf8 41. Rxf8+ Kxf8 42. Rxb7 Nxc4 43. b3 Nxa5 44. Rb6 Ke7 45. b4 Nc4
46. Rxa6 cxb4 47. Kg2 b3 48. Ra4 b2 49. Rb4 Nd2 50. Rxd4 Nb3 51. d6+ Kd7 52.
Rd1 Nc1 0-1

[Event "Tradewise Gibraltar ChallWk2"]
[Site "Gibraltar"]
[Date "2017.01.30"]
[Round "3.5"]
[White "Carrascoso Morales, Abel"]
[Black "Slinger, Tony J"]
[Result "1-0"]
[WhiteElo "2200"]
[BlackElo "1911"]
[PlyCount "113"]
[EventDate "2017.01.28"]
[EventType "swiss"]
[EventRounds "5"]
[EventCountry "GGB"]
[SourceTitle "BritBase"]
[Source "www.saund.co.uk"]
[SourceDate "2018.02.10"]
[SourceVersion "1"]
[SourceVersionDate "2018.02.10"]
[SourceQuality "1"]

1. d4 Nf6 2. c4 e6 3. Nc3 Bb4 4. e3 O-O 5. Nge2 Re8 6. a3 Bf8 7. g3 d5 8. cxd5
exd5 9. Bg2 c6 10. h3 Nbd7 11. O-O Bd6 12. b4 a6 13. f3 Nh5 14. g4 Ng3 15. Nxg3
Bxg3 16. e4 Nb6 17. e5 Qh4 18. Ne2 h5 19. Nxg3 Qxg3 20. Qe1 Qxe1 21. Rxe1 hxg4
22. hxg4 f5 23. g5 g6 24. Kf2 Be6 25. Rh1 Kg7 26. Bf4 Rh8 27. Rh6 Na4 28. Bf1
Nb6 29. a4 Nc4 30. Bd3 Rhg8 31. a5 Rh8 32. Rah1 Rae8 33. Ke2 Rc8 34. Bc1 Rb8
35. Kd1 Rxh6 36. gxh6+ Kh7 37. Kc2 Rd8 38. Bg5 Rc8 39. Kb3 Ra8 40. Rc1 Re8 41.
Rxc4 dxc4+ 42. Bxc4 Bd5 43. Bxd5 cxd5 44. b5 Re6 45. Kb4 axb5 46. Kc5 Rc6+ 47.
Kxd5 b4 48. a6 b3 49. axb7 Rb6 50. Bc1 Rxb7 51. Bb2 Kxh6 52. e6 Kg7 53. Kc6 Ra7
54. d5+ Kf8 55. d6 Ra2 56. d7 Ke7 57. Bf6+ 1-0

[Event "Tradewise Gibraltar ChallWk2"]
[Site "Gibraltar"]
[Date "2017.01.30"]
[Round "3.6"]
[White "Amgalanbaatar, Ravdanlkhumbuu"]
[Black "Verneuil, Pascal"]
[Result "1/2-1/2"]
[WhiteElo "1988"]
[BlackElo "2215"]
[PlyCount "236"]
[EventDate "2017.01.28"]
[EventType "swiss"]
[EventRounds "5"]
[EventCountry "GGB"]
[SourceTitle "BritBase"]
[Source "www.saund.co.uk"]
[SourceDate "2018.02.10"]
[SourceVersion "1"]
[SourceVersionDate "2018.02.10"]
[SourceQuality "1"]

1. e4 c5 2. Nc3 e6 3. g3 Nc6 4. Bg2 g6 5. d3 Bg7 6. Be3 Nd4 7. Nce2 Ne7 8. c3
Nxe2 9. Nxe2 d6 10. Qd2 O-O 11. Bh6 d5 12. Bxg7 Kxg7 13. e5 Rb8 14. d4 Nf5 15.
Bh3 b6 16. Bxf5 exf5 17. h4 h5 18. Nf4 Re8 19. O-O c4 20. Rfe1 Be6 21. Kg2 Qe7
22. Nh3 b5 23. a3 a5 24. Nf4 Rb7 25. Rec1 Reb8 26. Qe3 Rb6 27. Ra2 Rh8 28. Rh1
Qb7 29. Rc1 Rb8 30. Rca1 Qe7 31. Qf3 Qd8 32. Qe3 R8b7 33. Qd2 Ra7 34. Qe3 Re7
35. Qd2 Re8 36. Rh1 Bc8 37. Re1 Be6 38. Rh1 Qe7 39. Re1 Rh8 40. Rh1 Kg8 41. Qe3
Rh7 42. Qd2 Rb8 43. Qe3 Kh8 44. Nh3 Kg7 45. Nf4 Rhh8 46. Qd2 Rbg8 47. Nh3 Re8
48. Nf4 Qb7 49. Re1 Rb8 50. Qe3 Rhe8 51. Qd2 Qc6 52. Qe3 Re7 53. Qd2 Rb6 54.
Qe3 Bc8 55. Qd2 Kh7 56. Raa1 Qe8 57. Re2 Be6 58. Ree1 Reb7 59. Ra2 Bd7 60. Kh2
Be6 61. Nh3 Kg7 62. Nf4 Qh8 63. Qe2 Qh6 64. Kg2 Rb8 65. Qf3 Rd8 66. Rh1 Rd7 67.
Rd1 Rb8 68. Nh3 Rdb7 69. Ng5 Qh8 70. Qf4 Qd8 71. Nh3 Qe7 72. Re1 Qd8 73. Qd2
Qe7 74. Nf4 Qd8 75. Rb1 Qc7 76. b4 a4 77. Nh3 Qe7 78. Qg5 Qxg5 79. Nxg5 Re7 80.
Re1 Rg8 81. Rae2 Rh8 82. Kf3 Rhe8 83. Kf4 Rh8 84. Kf3 Rhe8 85. Kg2 Rh8 86. Re3
Rhe8 87. Rf3 Rh8 88. Rf4 Rhe8 89. Nf3 Bd7 90. Nd2 Kg8 91. Rf3 Kg7 92. Nf1 Bc6
93. Rf4 Re6 94. Ne3 f6 95. exf6+ Kxf6 96. Kf1 Re4 97. Rxe4 fxe4 98. Ke2 Ke6 99.
g4 hxg4 100. Rg1 Rh8 101. Rxg4 Kf6 102. Kf1 Rh5 103. Kg2 Bd7 104. Rg5 Rxg5+
105. hxg5+ Ke6 106. Kg3 Kd6 107. Kf4 Bh3 108. Kg3 Bc8 109. Ng2 Be6 110. Kf4 Bf7
111. Nh4 Ke6 112. f3 exf3 113. Nxf3 Be8 114. Ne5 Kd6 115. Ng4 Bf7 116. Nf6 Ke6
117. Ng4 Kd6 118. Ne5 Be8 1/2-1/2

[Event "Tradewise Gibraltar ChallWk2"]
[Site "Gibraltar"]
[Date "2017.01.30"]
[Round "3.7"]
[White "Renteria, Jorge"]
[Black "Bottema, Martin"]
[Result "1-0"]
[WhiteElo "2242"]
[BlackElo "2128"]
[PlyCount "51"]
[EventDate "2017.01.28"]
[EventType "swiss"]
[EventRounds "5"]
[EventCountry "GGB"]
[SourceTitle "BritBase"]
[Source "www.saund.co.uk"]
[SourceDate "2018.02.10"]
[SourceVersion "1"]
[SourceVersionDate "2018.02.10"]
[SourceQuality "1"]

1. e4 e5 2. Nf3 Nc6 3. d4 exd4 4. Nxd4 Nf6 5. Nxc6 bxc6 6. e5 Qe7 7. Qe2 Nd5 8.
c4 Nb6 9. Nc3 Ba6 10. Qe4 Qe6 11. c5 Bxf1 12. cxb6 Ba6 13. bxc7 Bc5 14. Be3
Bxe3 15. Qxe3 O-O 16. O-O-O Rfc8 17. Rd6 Qf5 18. h3 h5 19. g4 hxg4 20. hxg4
Qxg4 21. Rd4 Qe6 22. Ne4 Qxe5 23. Nd6 Qxe3+ 24. fxe3 Rxc7 25. Rdh4 Kf8 26. Nf5
1-0

[Event "Tradewise Gibraltar ChallWk2"]
[Site "Gibraltar"]
[Date "2017.01.30"]
[Round "3.8"]
[White "Vinas Guerrero, Carlos A"]
[Black "Derakhshani, Borna"]
[Result "1/2-1/2"]
[WhiteElo "2111"]
[BlackElo "2195"]
[PlyCount "202"]
[EventDate "2017.01.28"]
[EventType "swiss"]
[EventRounds "5"]
[EventCountry "GGB"]
[SourceTitle "BritBase"]
[Source "www.saund.co.uk"]
[SourceDate "2018.02.10"]
[SourceVersion "1"]
[SourceVersionDate "2018.02.10"]
[SourceQuality "1"]

1. e4 e5 2. Nf3 Nc6 3. Bb5 d6 4. d4 Bd7 5. O-O Nge7 6. dxe5 Nxe5 7. Bxd7+ Nxd7
8. b3 Ng6 9. Bb2 Be7 10. Na3 Bf6 11. Bxf6 Nxf6 12. Re1 O-O 13. e5 dxe5 14. Nxe5
Nxe5 15. Rxe5 Re8 16. Qxd8 Raxd8 17. Rxe8+ Nxe8 18. Kf1 Kf8 19. Nc4 b5 20. Ne3
Rd6 21. a4 Ra6 22. Nd5 Ra5 23. Nc3 Nd6 24. Rd1 bxa4 25. Nxa4 Ke7 26. Rd3 Kd7
27. Ke2 c5 28. Nb2 Kc7 29. Rxd6 Ra2 30. Rd5 Kc6 31. Rd8 Rxb2 32. Kd2 Rb1 33.
Rf8 Rg1 34. g3 Rg2 35. Rxf7 Rxh2 36. Ke2 g5 37. Rxa7 h5 38. Rh7 h4 39. gxh4
gxh4 40. Kf3 Kb5 41. Rb7+ Kc6 42. Rh7 Kb5 43. Rb7+ Kc6 44. Rb8 Kd5 45. Rd8+ Kc6
46. Ke3 Rh1 47. Rh8 Kb5 48. Rb8+ Kc6 49. Rh8 Kb5 50. Rb8+ Kc6 51. f4 h3 52. Rh8
h2 53. Kd2 Kd5 54. Kc3 Rf1 55. Rxh2 Rf3+ 56. Kb2 Rxf4 57. Rh5+ Kc6 58. Rh8 Rf2
59. Kc3 Rf3+ 60. Kb2 Rf2 61. Rh4 Rg2 62. Rc4 Kb5 63. Rc3 Rh2 64. Rc4 Rg2 65.
Rc3 Rh2 66. Re3 Rg2 67. Re8 Rh2 68. Rb8+ Kc6 69. Rd8 Kb5 70. Kc3 Rg2 71. Rd2
Rg3+ 72. Kb2 Rh3 73. c3 Rg3 74. Rc2 Rg8 75. Rf2 Rg3 76. Rf8 Rh3 77. c4+ Kc6 78.
Rf6+ Kc7 79. Ka3 Rg3 80. Ka4 Rh3 81. Rf7+ Kc6 82. Rf6+ Kc7 83. Rg6 Rf3 84. Kb5
Rxb3+ 85. Kxc5 Rh3 86. Rg7+ Kc8 87. Kc6 Rh6+ 88. Kb5 Rh5+ 89. c5 Rh6 90. Rg8+
Kc7 91. Rg7+ Kc8 92. Rf7 Rg6 93. Rh7 Rf6 94. c6 Rf1 95. Rh8+ Kc7 96. Rh7+ Kc8
97. Kb6 Rb1+ 98. Kc5 Rc1+ 99. Kb6 Rb1+ 100. Kc5 Rc1+ 101. Kd6 Rd1+ 1/2-1/2

[Event "Tradewise Gibraltar ChallWk2"]
[Site "Gibraltar"]
[Date "2017.01.30"]
[Round "3.9"]
[White "Kandic, Milan"]
[Black "De Graaf, Dick"]
[Result "0-1"]
[WhiteElo "2061"]
[BlackElo "2194"]
[PlyCount "128"]
[EventDate "2017.01.28"]
[EventType "swiss"]
[EventRounds "5"]
[EventCountry "GGB"]
[SourceTitle "BritBase"]
[Source "www.saund.co.uk"]
[SourceDate "2018.02.10"]
[SourceVersion "1"]
[SourceVersionDate "2018.02.10"]
[SourceQuality "1"]

1. e4 d6 2. d4 g6 3. Bc4 c6 4. c3 Bg7 5. Nf3 d5 6. exd5 cxd5 7. Bb5+ Bd7 8.
Bxd7+ Qxd7 9. O-O Nc6 10. Bf4 Nf6 11. Ne5 Nxe5 12. Bxe5 O-O 13. Nd2 a5 14. a4
Rfc8 15. h3 Rc6 16. Qf3 Bh6 17. Bxf6 Rxf6 18. Qd3 Bxd2 19. Qxd2 Rc8 20. Rfe1
Rfc6 21. Re3 e6 22. h4 Rc4 23. h5 Qe7 24. hxg6 hxg6 25. Rh3 Qf6 26. g3 Kf8 27.
Rh4 Ke7 28. Rf4 Qg7 29. Rh4 Kd7 30. Kg2 g5 31. Rh5 Rg8 32. Qe2 Qg6 33. g4 Qe4+
34. Qf3 Rg7 35. Qxe4 dxe4 36. f3 exf3+ 37. Kxf3 Rc6 38. Ke4 Ke7 39. Rc1 Rc4 40.
b3 Rc8 41. c4 Rf8 42. Rf1 f5+ 43. gxf5 g4 44. f6+ Rxf6 45. Rxf6 Kxf6 46. Rh2 g3
47. Rg2 Rg4+ 48. Kf3 Rxd4 49. Kxg3 Rd3+ 50. Kf4 Rxb3 51. Ke4 Rb4 52. Kd4 Rxa4
53. Rf2+ Ke7 54. Kc5 Rb4 55. Ra2 b6+ 56. Kd4 Kd6 57. Kd3 Rb3+ 58. Kd4 e5+ 59.
Ke4 Rc3 60. Rd2+ Ke6 61. Rh2 Rxc4+ 62. Kd3 Kd5 63. Rh8 e4+ 64. Ke3 Kc5 0-1

[Event "Tradewise Gibraltar ChallWk2"]
[Site "Gibraltar"]
[Date "2017.01.30"]
[Round "3.10"]
[White "Fawole, John Oyeyemi"]
[Black "Lopez De Turiso, Jose Angel"]
[Result "1-0"]
[WhiteElo "2186"]
[BlackElo "2019"]
[PlyCount "83"]
[EventDate "2017.01.28"]
[EventType "swiss"]
[EventRounds "5"]
[EventCountry "GGB"]
[SourceTitle "BritBase"]
[Source "www.saund.co.uk"]
[SourceDate "2018.02.10"]
[SourceVersion "1"]
[SourceVersionDate "2018.02.10"]
[SourceQuality "1"]

1. d4 Nf6 2. Nf3 d6 3. c4 e5 4. dxe5 Ne4 5. Qd5 Nc5 6. Bg5 f6 7. exf6 gxf6 8.
Bh4 Be6 9. Qd4 Bg7 10. Nbd2 Nc6 11. Qc3 O-O 12. b4 Nd7 13. b5 Ne7 14. Nd4 Bf7
15. e4 c5 16. bxc6 bxc6 17. Rc1 c5 18. Nb5 f5 19. Qg3 fxe4 20. Be2 Ne5 21. O-O
Bg6 22. Rcd1 Qd7 23. Bxe7 Qxe7 24. Nc3 Nc6 25. Nd5 Qe5 26. Qe3 Nd4 27. Rb1
Nxe2+ 28. Qxe2 e3 29. Nf3 Rxf3 30. Qxf3 Bxb1 31. Ne7+ Qxe7 32. Qxa8+ Bf8 33.
Qd5+ Kg7 34. Rxb1 exf2+ 35. Kxf2 Qh4+ 36. Kg1 Be7 37. Rf1 Bf6 38. Qxd6 Bd4+ 39.
Kh1 a5 40. Qc7+ Kg6 41. Qf7+ Kh6 42. Qe6+ 1-0

[Event "Tradewise Gibraltar ChallWk2"]
[Site "Gibraltar"]
[Date "2017.01.30"]
[Round "3.11"]
[White "Mashayekh, Majid"]
[Black "Truran, Michael C"]
[Result "0-1"]
[WhiteElo "1944"]
[BlackElo "2183"]
[PlyCount "130"]
[EventDate "2017.01.28"]
[EventType "swiss"]
[EventRounds "5"]
[EventCountry "GGB"]
[SourceTitle "BritBase"]
[Source "www.saund.co.uk"]
[SourceDate "2018.02.10"]
[SourceVersion "1"]
[SourceVersionDate "2018.02.10"]
[SourceQuality "1"]

1. Nf3 c5 2. c4 Nf6 3. g3 b6 4. Bg2 Bb7 5. O-O e6 6. Nc3 Be7 7. d4 cxd4 8. Nxd4
Bxg2 9. Kxg2 a6 10. Qd3 Qc7 11. b3 O-O 12. Bf4 d6 13. Nf3 Qc6 14. Bg5 Nbd7 15.
Kg1 Rac8 16. Rac1 Rfd8 17. h3 h6 18. Be3 Ne5 19. Nxe5 dxe5 20. Qc2 b5 21. cxb5
axb5 22. Qb2 b4 23. Na4 Qe4 24. Nb6 Rxc1 25. Qxc1 Nd5 26. Nc4 Nxe3 27. Qxe3
Qxe3 28. fxe3 Ra8 29. Rd1 Rxa2 30. Kf2 e4 31. Rd7 Bf6 32. Rd2 Ra1 33. Rc2 Bc3
34. Nd6 Ra3 35. Nxe4 Rxb3 36. Nc5 Ra3 37. Nd3 Kf8 38. Kf3 Ke7 39. Ke4 Kd6 40.
g4 Ra1 41. Rc1 Ra2 42. Rb1 Rxe2 43. Nxb4 Rh2 44. Rd1+ Ke7 45. Nc6+ Kf6 46. Rc1
Bb2 47. Rb1 Kg5 48. Rf1 Bf6 49. Rf3 Kh4 50. Ne5 Rxh3 51. Nxf7 Kxg4 52. Rf4+ Kh5
53. Rf3 Rxf3 54. Kxf3 Kg6 55. Nh8+ Kf5 56. Nf7 h5 57. e4+ Kg6 58. Nh8+ Kg5 59.
Nf7+ Kh4 60. e5 Be7 61. Nh8 Kg5 62. Ke4 h4 63. Nf7+ Kg4 64. Nd6 h3 65. Nc4 Bc5
0-1

[Event "Tradewise Gibraltar ChallWk2"]
[Site "Gibraltar"]
[Date "2017.01.30"]
[Round "3.13"]
[White "Marcos Herrero, Francisco"]
[Black "Smith, Andrew Philip"]
[Result "0-1"]
[WhiteElo "1918"]
[BlackElo "2152"]
[PlyCount "84"]
[EventDate "2017.01.28"]
[EventType "swiss"]
[EventRounds "5"]
[EventCountry "GGB"]
[SourceTitle "BritBase"]
[Source "www.saund.co.uk"]
[SourceDate "2018.02.10"]
[SourceVersion "1"]
[SourceVersionDate "2018.02.10"]
[SourceQuality "1"]

1. Nf3 c5 2. c4 Nf6 3. g3 d5 4. cxd5 Nxd5 5. Nc3 Nc7 6. d4 cxd4 7. Nxd4 e5 8.
Ndb5 Qxd1+ 9. Kxd1 Nxb5 10. Nxb5 Na6 11. Be3 Bd7 12. a4 Rd8 13. Kc1 Bc6 14. Rg1
Nc5 15. Ra3 a6 16. Nc3 Ne4 17. Rb3 Nxc3 18. bxc3 Bxa4 19. Rxb7 Ba3+ 20. Kb1 O-O
21. Bg2 Bd6 22. Ka2 Bb5 23. Bb6 Rc8 24. Rd1 Bc5 25. Bh3 Rc6 26. Bc7 Rh6 27. Bg4
Rxh2 28. Bxe5 Rxf2 29. Rd2 Be3 30. Rb2 Rf1 31. Kb3 Bc5 32. c4 Be8 33. Kc2 Ba4+
34. Kc3 Rd8 35. Rb1 Rxb1 36. Rxb1 Re8 37. Ra1 Rxe5 38. Rxa4 Re3+ 39. Kd2 Rxg3
40. Bc8 a5 41. Ra1 Bb4+ 42. Kc2 Rc3+ 0-1

[Event "Tradewise Gibraltar ChallWk2"]
[Site "Gibraltar"]
[Date "2017.01.30"]
[Round "3.14"]
[White "Madina Yadarola, Martin"]
[Black "Gluckman, Paul"]
[Result "1-0"]
[WhiteElo "2214"]
[BlackElo "1831"]
[PlyCount "63"]
[EventDate "2017.01.28"]
[EventType "swiss"]
[EventRounds "5"]
[EventCountry "GGB"]
[SourceTitle "BritBase"]
[Source "www.saund.co.uk"]
[SourceDate "2018.02.10"]
[SourceVersion "1"]
[SourceVersionDate "2018.02.10"]
[SourceQuality "1"]

1. Nf3 Nf6 2. c4 g6 3. Nc3 d5 4. cxd5 Nxd5 5. Qa4+ Bd7 6. Qb3 Nb6 7. d4 Bg7 8.
e4 Bg4 9. d5 O-O 10. a4 N8d7 11. Be3 Nc8 12. Nd2 Ne5 13. f4 Bh6 14. h3 Bh5 15.
g4 Bxg4 16. hxg4 Nxg4 17. Nd1 Bg7 18. Bg1 Re8 19. Ne3 Nxe3 20. Bxe3 Nd6 21. Bh3
c6 22. dxc6 bxc6 23. e5 Nf5 24. Bxf5 gxf5 25. e6 f6 26. O-O-O Rb8 27. Qc4 Qa5
28. Nb3 Qb4 29. Qxb4 Rxb4 30. Nc5 Reb8 31. b3 Rc8 32. Rd7 1-0

[Event "Tradewise Gibraltar ChallWk2"]
[Site "Gibraltar"]
[Date "2017.01.30"]
[Round "3.15"]
[White "Pinho, Paulo"]
[Black "Anuprita, Patil"]
[Result "1-0"]
[WhiteElo "2220"]
[BlackElo "2066"]
[PlyCount "103"]
[EventDate "2017.01.28"]
[EventType "swiss"]
[EventRounds "5"]
[EventCountry "GGB"]
[SourceTitle "BritBase"]
[Source "www.saund.co.uk"]
[SourceDate "2018.02.10"]
[SourceVersion "1"]
[SourceVersionDate "2018.02.10"]
[SourceQuality "1"]

1. d4 d5 2. Nf3 Nf6 3. c4 e6 4. g3 dxc4 5. Bg2 Nc6 6. O-O Rb8 7. Nc3 b5 8. Ne5
Nxe5 9. dxe5 Nd7 10. Qc2 Bb7 11. Bxb7 Rxb7 12. a4 c6 13. Rd1 Qc7 14. Ne4 Nxe5
15. Bf4 f6 16. b3 Kf7 17. axb5 cxb5 18. Ra6 Be7 19. Bxe5 Qxe5 20. Rdd6 cxb3 21.
Qb1 b2 22. f4 Rc8 23. fxe5 Rc1+ 24. Rd1 Rxd1+ 25. Qxd1 Rc7 26. Ra1 bxa1=Q 27.
Qxa1 fxe5 28. Qxe5 Rb7 29. Qh5+ Kf8 30. Nd6 Bxd6 31. Qf3+ Rf7 32. Qa8+ Ke7 33.
Qxa7+ Kf6 34. Qb6 Be5 35. Qxb5 Bd4+ 36. Kg2 e5 37. Qd3 h6 38. e3 Ba7 39. Qd8+
Ke6 40. Qc8+ Kf6 41. Qc6+ Ke7 42. Qd5 Kf6 43. Qd6+ Kf5 44. e4+ Kg5 45. h4+ Kh5
46. Qxe5+ Kg6 47. Qe6+ Rf6 48. Qg4+ Kh7 49. e5 Rf2+ 50. Kh3 Rf1 51. Qe4+ Kg8
52. Qa8+ 1-0

[Event "Tradewise Gibraltar ChallWk2"]
[Site "Gibraltar"]
[Date "2017.01.30"]
[Round "3.16"]
[White "Dasaolu, Rotimi"]
[Black "Jordan Martinez, Miguel"]
[Result "0-1"]
[WhiteElo "2051"]
[BlackElo "2142"]
[PlyCount "113"]
[EventDate "2017.01.28"]
[EventType "swiss"]
[EventRounds "5"]
[EventCountry "GGB"]
[SourceTitle "BritBase"]
[Source "www.saund.co.uk"]
[SourceDate "2018.02.10"]
[SourceVersion "1"]
[SourceVersionDate "2018.02.10"]
[SourceQuality "1"]

1. c4 e5 2. Nc3 Nf6 3. g3 Nc6 4. Bg2 Bc5 5. e3 O-O 6. Nge2 Re8 7. d3 d6 8. O-O
Bf5 9. d4 exd4 10. exd4 Bb6 11. Bg5 h6 12. Bxf6 Qxf6 13. Nd5 Qd8 14. b4 a6 15.
b5 axb5 16. cxb5 Na5 17. Nxb6 cxb6 18. Nf4 Rc8 19. Rc1 Rxc1 20. Qxc1 g5 21. Nd5
Bd3 22. Rd1 Bxb5 23. Nc7 Ba4 24. Nxe8 Bxd1 25. Nxd6 Qxd6 26. Qxd1 Nc6 27. Qa4
Nxd4 28. Bxb7 Kg7 29. Kg2 h5 30. Qd1 g4 31. Qd2 Qf6 32. Qe3 Nf5 33. Qe2 Nd6 34.
Bd5 Qd4 35. Bc6 Kf6 36. h3 Qc5 37. Ba8 gxh3+ 38. Kh2 b5 39. Qf3+ Kg7 40. Bd5
Qd4 41. Kxh3 Qe5 42. Kg2 b4 43. Bb3 Nf5 44. Qb7 Qe7 45. Qf3 Qg5 46. Qe4 h4 47.
g4 Nh6 48. Kh3 f5 49. Qe5+ Qf6 50. Qc7+ Kg6 51. Bd1 fxg4+ 52. Bxg4 Nxg4 53.
Kxg4 Qg5+ 54. Kh3 Qf5+ 55. Kxh4 Qf6+ 56. Kg3 Qc3+ 57. Kg4 0-1

[Event "Tradewise Gibraltar ChallWk2"]
[Site "Gibraltar"]
[Date "2017.01.30"]
[Round "3.17"]
[White "Jordan Martinez, David"]
[Black "Clark, Ian C"]
[Result "1/2-1/2"]
[WhiteElo "2122"]
[BlackElo "1969"]
[PlyCount "84"]
[EventDate "2017.01.28"]
[EventType "swiss"]
[EventRounds "5"]
[EventCountry "GGB"]
[SourceTitle "BritBase"]
[Source "www.saund.co.uk"]
[SourceDate "2018.02.10"]
[SourceVersion "1"]
[SourceVersionDate "2018.02.10"]
[SourceQuality "1"]

1. e4 c5 2. Nc3 e6 3. f4 d5 4. Nf3 dxe4 5. Nxe4 Nf6 6. Nf2 a6 7. g3 Nc6 8. Bg2
Be7 9. b3 O-O 10. Bb2 Nd4 11. Ne5 Qc7 12. O-O Bd7 13. c3 Nc6 14. Qe2 Rfd8 15.
Rae1 Be8 16. g4 Nxe5 17. fxe5 Nd5 18. Bxd5 Rxd5 19. c4 Rdd8 20. Ne4 Bh4 21. Rd1
Bc6 22. Nxc5 Qa5 23. d4 b6 24. Nd3 b5 25. c5 Rac8 26. a3 Bd5 27. Qc2 Qc7 28.
Nf4 Bb7 29. Ng2 Qc6 30. Rd3 Qxg2+ 31. Qxg2 Bxg2 32. Kxg2 Rxc5 33. Rc3 Rxc3 34.
Bxc3 Bg5 35. Rd1 Rc8 36. Rd3 Bc1 37. Bb4 Rc2+ 38. Kg3 g5 39. h3 Bf4+ 40. Kf3
Rh2 41. Ke4 Re2+ 42. Kf3 Rh2 1/2-1/2

[Event "Tradewise Gibraltar ChallWk2"]
[Site "Gibraltar"]
[Date "2017.01.30"]
[Round "3.18"]
[White "Krokay, Urszula"]
[Black "Erdelyi, Tamas"]
[Result "1/2-1/2"]
[WhiteElo "2018"]
[BlackElo "2090"]
[PlyCount "89"]
[EventDate "2017.01.28"]
[EventType "swiss"]
[EventRounds "5"]
[EventCountry "GGB"]
[SourceTitle "BritBase"]
[Source "www.saund.co.uk"]
[SourceDate "2018.02.10"]
[SourceVersion "1"]
[SourceVersionDate "2018.02.10"]
[SourceQuality "1"]

1. e4 c5 2. Nf3 e6 3. b3 a6 4. Bb2 d6 5. a4 b6 6. Bd3 Nc6 7. O-O Nf6 8. Re1 Be7
9. e5 dxe5 10. Nxe5 Nxe5 11. Bxe5 Bb7 12. Nc3 O-O 13. Re3 g6 14. h4 Nd7 15. h5
Nxe5 16. Rxe5 Bf6 17. Re3 Qd4 18. Be4 Bxe4 19. Rxe4 Qd8 20. Qf3 Ra7 21. Rae1
Rd7 22. Nb1 Rd5 23. hxg6 hxg6 24. g4 Kg7 25. Kg2 Rd4 26. d3 Rh8 27. Nd2 Bg5 28.
Nc4 Qc7 29. Qg3 Qb7 30. Qe5+ Bf6 31. Qf4 Rd5 32. Rh1 Rxh1 33. Kxh1 b5 34. axb5
axb5 35. Ne3 Bg5 36. Qf3 Bxe3 37. Rxe3 Qe7 38. Qf4 Qh4+ 39. Kg2 Rh5 40. Kf1 Rg5
41. Rg3 Qh1+ 42. Ke2 Qd5 43. Rh3 Re5+ 44. Kf1 g5 45. Rh7+ 1/2-1/2

[Event "Tradewise Gibraltar ChallWk2"]
[Site "Gibraltar"]
[Date "2017.01.30"]
[Round "3.19"]
[White "Lung, Liviu-Catalin"]
[Black "Mircov, Nicola-Alexandar"]
[Result "0-1"]
[WhiteElo "2090"]
[BlackElo "1957"]
[PlyCount "50"]
[EventDate "2017.01.28"]
[EventType "swiss"]
[EventRounds "5"]
[EventCountry "GGB"]
[SourceTitle "BritBase"]
[Source "www.saund.co.uk"]
[SourceDate "2018.02.10"]
[SourceVersion "1"]
[SourceVersionDate "2018.02.10"]
[SourceQuality "1"]

1. d4 c5 2. dxc5 Na6 3. Nc3 Nxc5 4. e4 e6 5. Nf3 d6 6. Bb5+ Bd7 7. Bxd7+ Qxd7
8. Be3 Rc8 9. O-O a6 10. a4 Nf6 11. Qd4 Be7 12. Rfd1 O-O 13. a5 Rfd8 14. e5
dxe5 15. Qxe5 Qc6 16. Nd4 Qe8 17. h3 Nd5 18. Nxd5 Rxd5 19. Qg3 Rcd8 20. c4 R5d6
21. Bf4 R6d7 22. Qe3 f6 23. b4 e5 24. bxc5 Bxc5 25. Qe4 Bxd4 0-1